Cinco meses en los Estados Unidos de la América del Norte desde el 20 de abril al 23 de septiembre de 1835 : (Record no. 185687)

MARC details
000 -LEADER
campo de control de longitud fija 00800nam a2200193 i 4500
001 - NÚMERO DE CONTROL
campo de control 185687
003 - IDENTIFICADOR DE NÚMERO DE CONTROL
campo de control ES-MaACL
005 - FECHA Y HORA DE LA ÚLTIMA TRANSACCIÓN
campo de control 20250830221257.0
008 - DATOS DE LONGITUD FIJA--INFORMACIÓN GENERAL
campo de control de longitud fija 160803s1836 fr |||| | spa d
100 1# - ENTRADA PRINCIPAL--NOMBRE DE PERSONA
Nombre de persona La Sagra, Ramón de,
Fechas asociadas al nombre 1798-1871
9 (RLIN) 101445
245 10 - MENCIÓN DEL TÍTULO
Título Cinco meses en los Estados Unidos de la América del Norte desde el 20 de abril al 23 de septiembre de 1835 :
Resto del título diario de viaje /
Mención de responsabilidad, etc. de Ramón de la Sagra.
260 ## - PUBLICACIÓN, DISTRIBUCIÓN, ETC.
Lugar de publicación, distribución, etc. [S.l.] :
Nombre del editor, distribuidor, etc. [s.n.],
Fecha de publicación, distribución, etc. 1836 (
Lugar de fabricación/manufactura Paris :
Fabricante Imprenta de Pablo Renouard)
300 ## - DESCRIPCIÓN FÍSICA
Extensión XL, 437 p. ;
Dimensiones 22 cm.
530 ## - NOTA DISPONIBLE DE FORMULARIO FÍSICO ADICIONAL
Nota de formato físico adicional disponible Disponible en formato digital.
651 #4 - PUNTO DE ACCESO ADICIONAL DE MATERIA--NOMBRE GEOGRÁFICO
Nombre geográfico Estados Unidos-
Subdivisión general Descripción
9 (RLIN) 8538
852 ## - LOCALIZACIÓN
Ubicación ES-MaACL
Número de control de estantería G-7685
856 ## - LOCALIZACIÓN Y ACCESO ELECTRÓNICOS
Identificador Uniforme de Recursos <a href="http://bdh-rd.bne.es/viewer.vm?id=0000081189&page=1 ">http://bdh-rd.bne.es/viewer.vm?id=0000081189&page=1 </a>
Nota pública Biblioteca Digital Hispánica
Holdings
Estatus retirado Estado de pérdida Estado de daño No para préstamo Colección Biblioteca de origen Biblioteca actual Ubicación en estantería Fecha de adquisición Fuente de adquisición Total de préstamos Signatura topográfica completa Código de barras Visto por última vez Precio de reemplazo Tipo de ítem Koha
        Colección digital Biblioteca del Ateneo de Madrid Biblioteca del Ateneo de Madrid Sala Pecera Planta 3 03/08/2016     G-7685 1195737 23/02/2023 23/02/2023 Libro impreso antiguo